Iniciación a la filosofía de Santo Tomás de Aquino : cosmología /

Spremljeno u:
Bibliografski detalji
Glavni autor: Gardeil, H.D (autor)
Daljnji autori: Abascal Carranza, Salvador (traducción) (traducción)
Format: Knjiga
Jezik:španjolski
Izdano: México : Tradición, 1973, c1973
Oznake: Dodaj oznaku
Bez oznaka, Budi prvi tko označuje ovaj zapis!

MARC

LEADER 00000nam^a2200000^a^4500
001 000564038
005 20250521000000.0
009 20260310132018.601
037 |a Acervo ITESO - Biblioteca 
041 |a ESP 
091 |a FGM. 02222 
100 |a Gardeil, H.D.  |e (autor) 
245 1 0 |a Iniciación a la filosofía de Santo Tomás de Aquino :  |b cosmología / 
264 4 |a México :  |b Tradición,  |c 1973, c1973 
300 |a 180 p. 
336 |a texto  |b txt  |2 rdacontenido 
337 |a sin mediación  |b n  |2 rdamedio 
338 |a volumen  |b nc  |2 rdasoporte 
649 |a XX 
700 |a Abascal Carranza, Salvador  |e (traducción) 
910 |a Fondo Efraín González Morfín 
920 |a Impresos - Libros 
930 |a Fondos Especiales 
905 |a 130 
901 |a 0500384601  |b IT2  |c ESL  |i D91660  |u 20250521 
902 |a https://opac.biblio.iteso.mx/vufind/Record/000564038